Normal view
MARC view
- Rajad, R
Entry Personal Name
001 - CONTROL NUMBER
- control field: 5425
003 - CONTROL NUMBER IDENTIFIER
- control field: OSt
005 - DATE AND TIME OF LATEST TRANSACTION
- control field: 20230506114020.0
008 - FIXED-LENGTH DATA ELEMENTS
- fixed length control field: 230506|| aca||aabn | a|a d
040 ## - CATALOGING SOURCE
- Original cataloging agency: OSt
- Transcribing agency: OSt
100 ## - HEADING--PERSONAL NAME
- Personal name: Rajad, R
- Personal name: രജത് ആർ
670 ## - SOURCE DATA FOUND
- Source citation: Work cat.: (OSt)17664: Rajad, R രജത് ആർ , Body lab, 2022
